000 00360nam a2200145Ia 4500
008 150201s1998 xx 000 0 und d
082 _a611
_bA1998W
100 _aWINWOOD R.S.
245 _aSEARS ANATOMY & PHYSIOLOGY FOR NURSE
250 _a6TH
260 _bJAYPEE MEDICAL PUBLISHER
_aDELHI
_c1998
300 _a1-311
650 _aANATOMY
942 _2ddc
_cBK
999 _c3983
_d3983